00434nam a2200145Ia 450000500170000000800410001702000150005808200130007324500770008626000530016330000190021665000150023565000140025070000240026420240701042231.0240331s9999 xx 000 0 und d a0195630807 a100bMAN 0aMany Ramayanayas :bthe diversity of a narrative tradition in South Asia aCaliforniabUniversity of California pressc1992 axiii, 273 p ., a tradition aDiversity aRichman, Paulaeedt